000 00874nam2a2200265 4500
001 RU\NLR\bibl\976676
005 20250614213028.0
010 _a5-17-005584-6
_bкн. 2
010 _a5-9713-2569-8
_bкн. 2
_95000
021 _aRU
_b2006-38298
_91925
035 _a(NLR Aleph) 000964598
090 _a360960
_c360960
100 _a20060821d2006 |||y0rusy50 ca
101 1 _arus
_ceng
102 _aRU
105 _ay |||||||||
200 0 _aКн. 2
210 _d2006
_aБ. м.
215 _a366 с.
461 0 _1001RU\NLR\bibl\982211
_12001#$aУитни, любимая$vКн. 2
_9393774
_aМакнот, Д. (1944-)
_cМосква
_d2006
_fДжудит Макнот
_nАСТ
_o[роман : в 2 кн.]
_tУитни, любимая
_y5-17-008935-X
_vКн. 2
801 0 _aRU
_bNLR
_c20060821
_grcr
801 1 _aRU
_bNLR
_c20060821
942 _cBOOK
980 _aNB